Statistics for KalBahamut's Travel Through Asia Quiz

Click here to take the quiz!

General Stats

  • This quiz has been taken 297 times
    (289 since last reset)
  • The average score is 9 of 23

Answer Stats

HintAnswer% Correct
After a layover in Atlanta, it's a 15 hour flight to reach this, the largest city in the worldTokyo
97%
The KTX high speed rail took me 325 km northwest to this huge metroSeoul
77%
From there it was one hour by hydrofoil to this former British colonyHong Kong
74%
Another flight took me here, the #1 international tourist destination in the world. Holla! City of squalor!Bangkok
63%
I flew with JetStar to this island nation to the south, home of the world's best airportSingapore
63%
Another short haul flight took me here, the "Las Vegas of SE Asia"Macau
61%
Flew back, met some friends from Korea and stayed on Soi Nana,
then had to get a visa to go to this Communist country to the east
Vietnam
56%
Start at Dulles International, which serves this metropolitan areaWashington DC
55%
Hung out with an American friend in this city and former capital
where we visited the War Remnants Museum and Club Apocalypse
Ho Chi Minh
53%
I spent a few weeks partying with friends, including in this posh neighborhood made famous by PsyGangnam
51%
From there it was just a few hours by hydrofoil to reach this port and industrial cityBusan
41%
And took a Tiger Airways flight to this island paradise and internationl tourist destination, famous for Patong Beach and Bangla RoadPhuket
39%
To save on hotels I stayed on this peninsula immediately to the northKowloon
30%
Had a brief layover in this city, capital of a place
whose old Portuguese name means "beautiful island"
Taipei
25%
Then came back and I was getting bombarded with so many messages from girls
in this country I decided to make a detour there
The Philippines
24%
A domestic flight took me to this, the largest city on the West coastFukuoka/Hakata
20%
Took a cheap flight up to this city in the mountains to meet a gorgeous girl I was talking to thereChiang Mai
18%
I played video games and bought electronics in this district famous for bothAkihabara
14%
From there I took the ferry to these islands, where they filmed "The Beach." Got my ribs broken by a semi-pro boxer in a muay thai ringKho Phi Phi
14%
Flew back to Tokyo but stayed in this suburb by the airport for the night
before heading back to the USA
Narita
14%
And went to look at the cute cosplay girls who are always in this neighborhoodHarajuku
11%
I went with some flight attendant for karaoke to this large city 25 miles EastChiba
9%
I roomed with a high school buddy in his expensive condo on this main street through the citySoi Sukhumvit
2%

Score Distribution

Percentile by Number Answered

Percent of People with Each Score

Your Score History

You have not taken this quiz since the last reset